000 00296nam a22001337a 4500
008 170502b xxu||||| |||| 00| 0 eng d
020 _a1561606316
041 _aeng
080 _a34
100 _a14
101 _aSHJ
245 _aMARTINDALE-HUBBELL LAW DIGEST
_cLAWLER, J.A
942 _2udc
_cBK
999 _c12399
_d12399